| Поле | Инд. | ПП | Название | Значение |
|---|---|---|---|---|
| Тип записи | a | |||
| Библиографический уровень | m | |||
| 001 | Контрольный номер | 84f0b7aa-5f21-4268-a751-d3321c3c80f3 | ||
| 005 | Дата корректировки | 20140226163322.4 | ||
| 008 | Кодируемые данные | 20001027s?a aznnnabbn zn aan | ||
| 020 | a | ISBN | 5-289-00136-0 | |
| c | Цена, тираж | 0.85 | ||
| 040 | a | Служба первич. каталог. | RU-RKP | |
| a | Служба первич. каталог. | НБ ТвГУ | ||
| 041 | a | Код языка текста | rus | |
| 080 | a | Индекс УДК | 639.2.081.4(470.23) | |
| 084 | a | Индекс другой классификации/Индекс ББК | П722.6 | |
| 090 | x | Авторский знак | С79 | |
| a | Полочн. индекс | П722.6 | ||
| 092 | a | 69.31 | ||
| 100 | 1_ | a | Автор | Степанов Анатолий Васильевич |
| 245 | 00 | a | Заглавие | Ловись рыбка большая |
| c | Ответственность | А. В. Степанов, С. А. Степанов | ||
| 260 | 0_ | a | Место издания | Л. |
| b | Издательство | Лениздат | ||
| c | Дата издания | 1988 | ||
| 300 | a | Объем | 253,[1] с. | |
| b | Иллюстрации/ тип воспроизводства | ил. | ||
| c | Размеры | 17 см | ||
| 504 | a | Библиография | Библиогр.: с.251. | |
| 650 | a | Основная рубрика | Рыболовство любительское | |
| 650 | a | Основная рубрика | Рыбное хозяйство | |
| 653 | a | Ключевые слова | Рыболовство | |
| a | Ключевые слова | Любительское рыболовство | ||
| 700 | 1_ | a | Другие авторы | Степанов Сергей Анатольевич |
| e | Роль лиц | авт. | ||
| 852 | t | Порядковый номер экземпляра | 2 | |
| p | Инвентарный номер | 588034 | ||
| p | Инвентарный номер | 588035 | ||
| 954 | a | Дата поступления на обработку | 20010913 | |
| 999 | a | Подразделение 2 | Фил3 |